| 000 | 00718cam a2200205 i 4500 | ||
|---|---|---|---|
| 999 |
_c58187 _d58187 |
||
| 001 | 18731070 | ||
| 005 | 20240207102500.0 | ||
| 008 | 150805s2014 nyua b 001 0 eng | ||
| 020 | _a9780071809252 | ||
| 080 | _a004.43 Sch-31 | ||
| 100 | 1 |
_aSchildt, Herbert. _912391 |
|
| 245 | 1 | 0 |
_aJava : _pA beginner's guide / _cHerbert Schildt. |
| 250 | _aSixth edition. | ||
| 264 | 1 |
_aNew York : _bMcGraw-Hill Education, _c2014. |
|
| 300 |
_a700 pages : _billustrations ; _c24 cm. |
||
| 653 | _aპროგრამირების ენები | ||
| 653 | _aკომპიუტერული მეცნიერებანი | ||
| 700 |
_aShailer, Brandi _eრედაქტორი _912394 |
||
| 942 |
_2udc _cBK |
||